[Event "European Club Cup"]
[Site "chess24.com"]
[Date "2018.10.15"]
[Round "4"]
[White "Hautot, Stephane"]
[Black "Budima, Armend"]
[Result "1-0"]
[Board "3"]
[WhiteElo "2331"]
[WhiteTitle "IM"]
[WhiteCountry "BEL"]
[WhiteFideId "202282"]
[WhiteEloChange "6"]
[BlackElo "2202"]
[BlackCountry "KOS"]
[BlackFideId "3612236"]
[BlackEloChange "-6"]

1. e4 {[%clk 1:30:57]} c5 {[%clk 1:30:47]} 2. Nf3 {[%clk 1:30:56]} d6 {[%clk
1:31:09]} 3. d4 {[%clk 1:31:04]} cxd4 {[%clk 1:31:24]} 4. Nxd4 {[%clk 1:31:27]}
Nf6 {[%clk 1:31:47]} 5. Nc3 {[%clk 1:31:38]} a6 {[%clk 1:30:10]} 6. Be3 {[%clk
1:31:48]} e5 {[%clk 1:29:59]} 7. Nb3 {[%clk 1:31:28]} Be7 {[%clk 1:29:34]} 8. f3
{[%clk 1:31:45]} Be6 {[%clk 1:28:02]} 9. Qd2 {[%clk 1:31:42]} O-O {[%clk
1:24:54]} 10. O-O-O {[%clk 1:30:53]} Nbd7 {[%clk 1:25:03]} 11. g4 {[%clk
1:30:46]} Nb6 {[%clk 1:25:06]} 12. g5 {[%clk 1:26:41]} Nh5 {[%clk 1:25:20]} 13.
Rg1 {[%clk 1:25:45]} Rc8 {[%clk 1:22:52]} 14. Kb1 {[%clk 1:23:28]} Nc4 {[%clk
1:16:14]} 15. Bxc4 {[%clk 1:23:00]} Rxc4 {[%clk 1:16:30]} 16. Nd5 {[%clk
1:21:13]} Bxd5 {[%clk 1:16:25]} 17. Qxd5 {[%clk 1:20:54]} b5 {[%clk 1:16:31]} 18.
Qb7 {[%clk 0:55:12]} Qc7 {[%clk 1:04:55]} 19. Qxa6 {[%clk 0:54:28]} Rb8 {[%clk
1:05:05]} 20. Qa5 {[%clk 0:48:07]} Qc8 {[%clk 0:25:55]} 21. Qd2 {[%clk 0:42:04]}
g6 {[%clk 0:22:57]} 22. Nc1 {[%clk 0:27:10]} Ra4 {[%clk 0:20:17]} 23. c3 {[%clk
0:19:47]} b4 {[%clk 0:17:44]} 24. c4 {[%clk 0:19:40]} b3 {[%clk 0:14:06]} 25.
axb3 {[%clk 0:19:20]} Rab4 {[%clk 0:14:30]} 26. Kc2 {[%clk 0:18:16]} Ng7 {[%clk
0:14:09]} 27. Qe2 {[%clk 0:16:46]} Ne6 {[%clk 0:14:19]} 28. Rd5 {[%clk 0:15:15]}
Qb7 {[%clk 0:14:17]} 29. Ra5 {[%clk 0:14:56]} Bd8 {[%clk 0:12:38]} 30. Rb5 {[%clk
0:08:43]} Rxb5 {[%clk 0:12:55]} 31. cxb5 {[%clk 0:09:11]} Bb6 {[%clk 0:12:20]}
32. Kb1 {[%clk 0:08:30]} Qa7 {[%clk 0:12:02]} 33. Bxb6 {[%clk 0:08:23]} Qxb6
{[%clk 0:11:59]} 34. Qd1 {[%clk 0:08:14]} Nd4 {[%clk 0:12:02]} 35. Rf1 {[%clk
0:06:14]} Qxb5 {[%clk 0:12:15]} 36. Qd3 {[%clk 0:05:43]} Qxd3+ {[%clk 0:09:55]}
37. Nxd3 {[%clk 0:06:08]} Rxb3 {[%clk 0:10:20]} 38. Ne1 {[%clk 0:05:37]} Re3
{[%clk 0:09:02]} 39. Nc2 {[%clk 0:04:02]} Rxf3 {[%clk 0:05:42]} 40. Rd1 {[%clk
0:34:22]} Ne6 {[%clk 0:33:55]} 41. h4 {[%clk 0:32:54]} Rf4 {[%clk 0:22:49]} 42.
b4 {[%clk 0:32:37]} Rxe4 {[%clk 0:22:37]} 43. b5 {[%clk 0:32:09]} Rc4 {[%clk
0:18:17]} 44. Rxd6 {[%clk 0:31:33]} Nd4 {[%clk 0:18:09]} 45. Nxd4 {[%clk
0:26:54]} exd4 {[%clk 0:18:37]} 46. Ka2 {[%clk 0:27:06]} Rb4 {[%clk 0:18:32]} 47.
Rd5 {[%clk 0:20:02]} d3 {[%clk 0:05:23]} 48. Ka3 {[%clk 0:19:45]} Rb1 {[%clk
0:05:33]} 49. Ka4 {[%clk 0:20:01]} Rd1 {[%clk 0:05:44]} 50. Kb3 {[%clk 0:17:46]}
Kf8 {[%clk 0:05:32]} 51. Kc3 {[%clk 0:17:54]} Ke7 {[%clk 0:05:28]} 52. Rxd3
{[%clk 0:18:08]} Rc1+ {[%clk 0:03:48]} 53. Kb4 {[%clk 0:16:57]} f5 {[%clk
0:02:41]} 54. b6 {[%clk 0:03:13]} Rb1+ {[%clk 0:02:47]} 55. Kc5 {[%clk 0:03:42]}
Rc1+ {[%clk 0:02:51]} 56. Kb5 {[%clk 0:03:57]} Rb1+ {[%clk 0:03:03]} 57. Kc6
{[%clk 0:04:21]} Rc1+ {[%clk 0:03:20]} 58. Kb7 {[%clk 0:04:45]} Rb1 {[%clk
0:02:14]} 59. Kc7 {[%clk 0:05:08]} f4 {[%clk 0:01:44]} 60. Rc3 {[%clk 0:01:03]}
Ke6 {[%clk 0:01:14]} 61. b7 {[%clk 0:00:39]} Kf5 {[%clk 0:01:32]} 62. b8Q {[%clk
0:00:33]} Rxb8 {[%clk 0:01:55]} 63. Kxb8 {[%clk 0:01:00]} Kg4 {[%clk 0:02:15]}
64. Kc7 {[%clk 0:00:47]} f3 {[%clk 0:01:56]} 65. Kd6 {[%clk 0:01:09]} f2 {[%clk
0:02:07]} 66. Rc1 {[%clk 0:01:35]} Kxh4 {[%clk 0:01:19]} 67. Ke5 {[%clk 0:01:56]}
Kxg5 {[%clk 0:01:55]} 68. Rf1 {[%clk 0:02:20]} Kh4 {[%clk 0:00:57]} 69. Kf4
{[%clk 0:02:03]} Kh3 {[%clk 0:01:11]} 70. Kf3 {[%clk 0:02:13]} Kh2 {[%clk
0:00:40]} 71. Rxf2+ {[%clk 0:02:36]} Kh3 {[%clk 0:01:07]} 72. Rg2 {[%clk
0:02:50]} h5 {[%clk 0:00:41]} 73. Rxg6 {[%clk 0:03:14]} h4 {[%clk 0:01:09]} 74.
Rh6 {[%clk 0:03:38]} 1-0

[Event "European Club Cup"]
[Site "chess24.com"]
[Date "2018.10.15"]
[Round "4"]
[White "Hamiti, Gani"]
[Black "Gengler, Pierre"]
[Result "1-0"]
[Board "4"]
[WhiteElo "2149"]
[WhiteTitle "FM"]
[WhiteCountry "KOS"]
[WhiteFideId "4701194"]
[WhiteEloChange "12"]
[BlackElo "2205"]
[BlackCountry "LUX"]
[BlackFideId "4000714"]
[BlackEloChange "-12"]

1. e4 {[%clk 1:30:58]} c5 {[%clk 1:30:56]} 2. Nc3 {[%clk 1:31:19]} Nc6 {[%clk
1:31:22]} 3. f4 {[%clk 1:31:44]} g6 {[%clk 1:31:46]} 4. Nf3 {[%clk 1:32:05]} Bg7
{[%clk 1:32:11]} 5. Bb5 {[%clk 1:32:30]} d6 {[%clk 1:29:11]} 6. Bxc6+ {[%clk
1:32:35]} bxc6 {[%clk 1:29:36]} 7. d3 {[%clk 1:32:39]} Nf6 {[%clk 1:29:40]} 8.
O-O {[%clk 1:31:59]} O-O {[%clk 1:30:05]} 9. Qe1 {[%clk 1:31:35]} Rb8 {[%clk
1:30:30]} 10. Rb1 {[%clk 1:28:51]} Ne8 {[%clk 1:30:54]} 11. Bd2 {[%clk 1:28:14]}
Nc7 {[%clk 1:30:46]} 12. b3 {[%clk 1:26:59]} Nb5 {[%clk 1:22:56]} 13. a4 {[%clk
1:20:44]} Nd4 {[%clk 1:21:40]} 14. Nxd4 {[%clk 1:20:37]} cxd4 {[%clk 1:21:49]}
15. Ne2 {[%clk 1:20:54]} f5 {[%clk 1:20:31]} 16. Ng3 {[%clk 1:18:34]} e6 {[%clk
1:18:20]} 17. Qe2 {[%clk 1:09:17]} Rb7 {[%clk 1:16:20]} 18. Rbe1 {[%clk 1:09:09]}
Rbf7 {[%clk 1:11:46]} 19. exf5 {[%clk 1:05:43]} exf5 {[%clk 1:11:21]} 20. Qf2
{[%clk 1:06:00]} Bf6 {[%clk 0:59:14]} 21. Re2 {[%clk 0:55:32]} c5 {[%clk
0:59:15]} 22. Rfe1 {[%clk 0:55:33]} Bh4 {[%clk 0:59:22]} 23. c3 {[%clk 0:45:02]}
Ba6 {[%clk 0:52:45]} 24. cxd4 {[%clk 0:41:13]} Bxd3 {[%clk 0:51:17]} 25. Re3
{[%clk 0:41:22]} Be4 {[%clk 0:45:54]} 26. dxc5 {[%clk 0:37:27]} d5 {[%clk
0:43:53]} 27. Rc1 {[%clk 0:31:40]} d4 {[%clk 0:40:23]} 28. Ree1 {[%clk 0:30:31]}
Qd5 {[%clk 0:33:58]} 29. b4 {[%clk 0:22:55]} Rc8 {[%clk 0:32:36]} 30. Red1 {[%clk
0:18:46]} Rd7 {[%clk 0:27:58]} 31. Qe2 {[%clk 0:15:05]} d3 {[%clk 0:27:49]} 32.
Qf2 {[%clk 0:14:20]} a5 {[%clk 0:26:01]} 33. b5 {[%clk 0:13:36]} Qb3 {[%clk
0:24:23]} 34. c6 {[%clk 0:13:25]} Rf7 {[%clk 0:23:20]} 35. Qc5 {[%clk 0:08:12]}
Qxa4 {[%clk 0:21:38]} 36. Nxe4 {[%clk 0:07:48]} fxe4 {[%clk 0:20:40]} 37. b6
{[%clk 0:06:14]} Bd8 {[%clk 0:19:01]} 38. b7 {[%clk 0:03:33]} Rb8 {[%clk
0:15:46]} 39. Be3 {[%clk 0:01:59]} Bc7 {[%clk 0:15:07]} 40. g3 {[%clk 0:30:59]}
Qa2 {[%clk 0:40:28]} 41. Rd2 {[%clk 0:28:44]} Qe6 {[%clk 0:38:30]} 42. Qc4 {[%clk
0:21:17]} Qf5 {[%clk 0:34:27]} 43. Re1 {[%clk 0:20:01]} a4 {[%clk 0:31:45]} 44.
Ra2 {[%clk 0:15:01]} Qa5 {[%clk 0:28:18]} 45. Rb1 {[%clk 0:13:32]} Rd8 {[%clk
0:26:36]} 46. Rxa4 {[%clk 0:11:59]} Qh5 {[%clk 0:26:14]} 47. Ra8 {[%clk 0:05:14]}
Qe2 {[%clk 0:22:19]} 48. Rxd8+ {[%clk 0:05:11]} Bxd8 {[%clk 0:22:42]} 49. Qd4
{[%clk 0:05:18]} Bc7 {[%clk 0:21:13]} 50. b8Q+ {[%clk 0:05:12]} Bxb8 {[%clk
0:21:41]} 51. Rxb8+ {[%clk 0:05:33]} Rf8 {[%clk 0:22:08]} 52. Qd5+ {[%clk
0:04:55]} Kg7 {[%clk 0:22:29]} 53. Rb7+ {[%clk 0:05:03]} 1-0

[Event "European Club Cup"]
[Site "chess24.com"]
[Date "2018.10.15"]
[Round "4"]
[White "Svendsen, Peter Willer"]
[Black "McMillan, Charles Stuart"]
[Result "0-1"]
[Board "5"]
[WhiteElo "1948"]
[WhiteCountry "DEN"]
[WhiteFideId "1405250"]
[WhiteEloChange "-7"]
[BlackElo "2070"]
[BlackCountry "USA"]
[BlackFideId "2008750"]
[BlackEloChange "7"]

1. e4 {[%clk 1:30:30]} c5 {[%clk 1:30:30]} 2. Nf3 {[%clk 1:30:30]} d6 {[%clk
1:30:30]} 3. Bb5+ {[%clk 1:30:30]} Nd7 {[%clk 1:30:30]} 4. a4 {[%clk 1:30:30]}
Nf6 {[%clk 1:30:30]} 5. Nc3 {[%clk 1:30:30]} g6 {[%clk 1:30:30]} 6. O-O {[%clk
1:30:30]} Bg7 {[%clk 1:30:30]} 7. d4 {[%clk 1:30:30]} cxd4 {[%clk 1:30:30]} 8.
Nxd4 {[%clk 1:30:30]} O-O {[%clk 1:30:30]} 9. Nb3 {[%clk 1:30:30]} a6 {[%clk
1:30:30]} 10. Be2 {[%clk 1:30:30]} b6 {[%clk 1:30:30]} 11. Be3 {[%clk 1:30:30]}
Bb7 {[%clk 1:30:30]} 12. Bf3 {[%clk 1:30:30]} Qc7 {[%clk 1:30:30]} 13. Bd4 {[%clk
1:30:30]} Rac8 {[%clk 1:30:30]} 14. g3 {[%clk 1:29:57]} Qb8 {[%clk 1:20:12]} 15.
Bg2 {[%clk 1:28:30]} Qa8 {[%clk 1:11:51]} 16. Re1 {[%clk 1:22:37]} Rfe8 {[%clk
1:10:42]} 17. Nd5 {[%clk 1:16:39]} Nxd5 {[%clk 1:09:03]} 18. Bxg7 {[%clk
1:16:18]} Kxg7 {[%clk 1:09:23]} 19. exd5 {[%clk 1:16:29]} Nf6 {[%clk 1:09:01]}
20. Qd4 {[%clk 1:11:00]} Bxd5 {[%clk 1:03:45]} 21. Bxd5 {[%clk 1:11:19]} Qxd5
{[%clk 1:04:07]} 22. Qxb6 {[%clk 1:11:41]} Rxc2 {[%clk 1:03:56]} 23. Nd4 {[%clk
1:11:40]} Qc5 {[%clk 0:54:44]} 24. Qxc5 {[%clk 1:06:35]} Rxc5 {[%clk 0:54:44]}
25. Re2 {[%clk 1:06:22]} e6 {[%clk 0:49:58]} 26. Rd1 {[%clk 1:06:31]} Rec8 {[%clk
0:47:40]} 27. Kg2 {[%clk 1:05:52]} Rd5 {[%clk 0:45:31]} 28. b3 {[%clk 1:05:00]}
e5 {[%clk 0:44:36]} 29. Nf5+ {[%clk 1:04:48]} gxf5 {[%clk 0:44:36]} 0-1

[Event "European Club Cup"]
[Site "chess24.com"]
[Date "2018.10.15"]
[Round "4"]
[White "Mcgowan, Daniel"]
[Black "Duncan, Chris R"]
[Result "1/2-1/2"]
[Board "4"]
[WhiteElo "2157"]
[WhiteCountry "SCO"]
[WhiteFideId "2401479"]
[WhiteEloChange "2"]
[BlackElo "2236"]
[BlackTitle "FM"]
[BlackCountry "ENG"]
[BlackFideId "403091"]
[BlackEloChange "-2"]

1. e4 {[%clk 1:30:53]} c5 {[%clk 1:30:56]} 2. Nf3 {[%clk 1:31:05]} d6 {[%clk
1:31:11]} 3. c3 {[%clk 1:31:15]} Nf6 {[%clk 1:31:02]} 4. Be2 {[%clk 1:31:04]} g6
{[%clk 1:30:58]} 5. O-O {[%clk 1:30:56]} Bg7 {[%clk 1:31:25]} 6. Bb5+ {[%clk
1:30:43]} Bd7 {[%clk 1:31:07]} 7. Bxd7+ {[%clk 1:30:37]} Qxd7 {[%clk 1:30:04]} 8.
Re1 {[%clk 1:29:57]} Nc6 {[%clk 1:29:58]} 9. d4 {[%clk 1:28:19]} cxd4 {[%clk
1:29:45]} 10. cxd4 {[%clk 1:27:38]} d5 {[%clk 1:29:55]} 11. e5 {[%clk 1:27:42]}
Ne4 {[%clk 1:29:47]} 12. Nc3 {[%clk 1:22:48]} Nxc3 {[%clk 1:30:05]} 13. bxc3
{[%clk 1:23:15]} O-O {[%clk 1:30:21]} 14. Qd3 {[%clk 1:20:04]} Rac8 {[%clk
1:27:52]} 15. Ba3 {[%clk 1:07:27]} Na5 {[%clk 1:13:52]} 16. Ng5 {[%clk 0:59:48]}
Nc4 {[%clk 1:01:42]} 17. Bc1 {[%clk 0:58:29]} f6 {[%clk 1:00:08]} 18. e6 {[%clk
0:52:42]} Qc6 {[%clk 0:58:28]} 19. Nf7 {[%clk 0:50:54]} b6 {[%clk 0:50:52]} 20.
h4 {[%clk 0:47:58]} Nd6 {[%clk 0:46:23]} 21. Nxd6 {[%clk 0:45:14]} Qxd6 {[%clk
0:45:42]} 22. h5 {[%clk 0:42:24]} f5 {[%clk 0:43:35]} 23. hxg6 {[%clk 0:41:42]}
hxg6 {[%clk 0:44:04]} 24. Bg5 {[%clk 0:40:19]} Rc4 {[%clk 0:31:31]} 25. Qh3
{[%clk 0:35:39]} Rfc8 {[%clk 0:27:38]} 26. Qh4 {[%clk 0:31:30]} Rxc3 {[%clk
0:17:46]} 27. Bxe7 {[%clk 0:31:05]} Qc6 {[%clk 0:18:04]} 28. Bd8 {[%clk 0:23:36]}
Qe8 {[%clk 0:16:54]} 29. e7 {[%clk 0:23:23]} Kf7 {[%clk 0:15:24]} 30. Qf4 {[%clk
0:22:42]} Rxd8 {[%clk 0:05:45]} 31. exd8Q {[%clk 0:22:32]} Qxd8 {[%clk 0:06:12]}
32. Rac1 {[%clk 0:21:59]} Rc4 {[%clk 0:06:35]} 33. Rcd1 {[%clk 0:20:13]} Qd7
{[%clk 0:06:27]} 34. Re3 {[%clk 0:19:43]} a5 {[%clk 0:04:24]} 35. Qh4 {[%clk
0:17:24]} b5 {[%clk 0:03:03]} 36. Rde1 {[%clk 0:16:34]} Rc7 {[%clk 0:03:22]} 37.
Qf4 {[%clk 0:16:12]} Rb7 {[%clk 0:01:39]} 38. Rc3 {[%clk 0:13:49]} b4 {[%clk
0:01:36]} 39. Rc5 {[%clk 0:13:46]} a4 {[%clk 0:01:53]} 40. Rec1 {[%clk 0:43:43]}
Qe6 {[%clk 0:30:56]} 41. Rc7+ {[%clk 0:43:10]} Rxc7 {[%clk 0:31:25]} 42. Qxc7+
{[%clk 0:43:06]} Kg8 {[%clk 0:31:02]} 43. Qd8+ {[%clk 0:38:06]} Kh7 {[%clk
0:28:40]} 44. Qb8 {[%clk 0:32:41]} Bxd4 {[%clk 0:23:34]} 45. Qxb4 {[%clk
0:32:18]} Qe4 {[%clk 0:20:52]} 46. Rc7+ {[%clk 0:31:14]} Kh6 {[%clk 0:21:13]} 47.
Qd2+ {[%clk 0:28:52]} f4 {[%clk 0:17:42]} 48. Rc1 {[%clk 0:28:46]} Bf6 {[%clk
0:17:14]} 49. Rd1 {[%clk 0:22:46]} d4 {[%clk 0:17:24]} 50. Qd3 {[%clk 0:22:08]}
Qd5 {[%clk 0:16:29]} 51. a3 {[%clk 0:22:01]} Kg7 {[%clk 0:14:45]} 52. Rc1 {[%clk
0:21:33]} Qd6 {[%clk 0:13:04]} 53. Rc4 {[%clk 0:20:10]} Qd7 {[%clk 0:12:20]} 54.
Kf1 {[%clk 0:18:08]} Kf7 {[%clk 0:09:35]} 55. Qc2 {[%clk 0:16:49]} Qb5 {[%clk
0:06:37]} 56. Kg1 {[%clk 0:16:51]} Qd5 {[%clk 0:05:46]} 57. Rxa4 {[%clk 0:13:32]}
d3 {[%clk 0:02:54]} 58. Qc7+ {[%clk 0:13:21]} Kg8 {[%clk 0:02:58]} 59. Rb4 {[%clk
0:13:07]} Bg7 {[%clk 0:02:20]} 60. Rb8+ {[%clk 0:12:16]} Kh7 {[%clk 0:02:05]} 61.
Rb7 {[%clk 0:11:39]} Qd4 {[%clk 0:02:19]} 62. Qd7 {[%clk 0:11:23]} Qa1+ {[%clk
0:02:11]} 63. Kh2 {[%clk 0:11:49]} f3 {[%clk 0:00:56]} 64. Qxd3 {[%clk 0:11:21]}
Qe5+ {[%clk 0:01:02]} 65. Kg1 {[%clk 0:11:23]} Qe1+ {[%clk 0:00:43]} 66. Qf1
{[%clk 0:11:08]} Qe4 {[%clk 0:00:52]} 67. Rb3 {[%clk 0:10:50]} fxg2 {[%clk
0:01:05]} 68. Qxg2 {[%clk 0:10:48]} Qe1+ {[%clk 0:00:57]} 69. Qf1 {[%clk
0:11:08]} Qe4 {[%clk 0:00:37]} 70. Qh3+ {[%clk 0:11:18]} Bh6 {[%clk 0:00:36]} 71.
Qd7+ {[%clk 0:11:00]} Bg7 {[%clk 0:00:55]} 72. Re3 {[%clk 0:09:19]} Qf4 {[%clk
0:00:48]} 73. Qh3+ {[%clk 0:09:16]} Kg8 {[%clk 0:01:17]} 74. Re8+ {[%clk
0:09:24]} Bf8 {[%clk 0:01:32]} 75. Qe6+ {[%clk 0:09:15]} Kh7 {[%clk 0:01:40]} 76.
Qe3 {[%clk 0:06:37]} Qg4+ {[%clk 0:02:00]} 77. Kh1 {[%clk 0:06:29]} Qd1+ {[%clk
0:00:58]} 78. Kg2 {[%clk 0:06:56]} Qd5+ {[%clk 0:01:13]} 79. f3 {[%clk 0:05:05]}
Qa2+ {[%clk 0:01:35]} 80. Kh3 {[%clk 0:05:15]} Qxa3 {[%clk 0:01:53]} 81. Re6
{[%clk 0:05:04]} Qxe3 {[%clk 0:01:59]} 82. Rxe3 {[%clk 0:05:28]} Kh6 {[%clk
0:02:09]} 83. Kg4 {[%clk 0:05:53]} Bb4 {[%clk 0:01:57]} 84. Rb3 {[%clk 0:06:16]}
Be7 {[%clk 0:01:03]} 85. f4 {[%clk 0:06:37]} Kg7 {[%clk 0:01:21]} 86. Rb7 {[%clk
0:06:39]} Kf6 {[%clk 0:01:40]} 87. Ra7 {[%clk 0:06:48]} Ke6 {[%clk 0:01:39]} 88.
Ra6+ {[%clk 0:06:39]} Kf7 {[%clk 0:02:03]} 89. f5 {[%clk 0:06:50]} gxf5+ {[%clk
0:02:04]} 90. Kxf5 {[%clk 0:07:17]} Bc5 {[%clk 0:01:28]} 91. Ra5 {[%clk 0:06:18]}
Bd4 {[%clk 0:01:33]} 92. Rd5 {[%clk 0:06:38]} Bb2 {[%clk 0:01:50]} 93. Rd7+
{[%clk 0:07:02]} Ke8 {[%clk 0:02:09]} 94. Ke6 {[%clk 0:07:21]} Kf8 {[%clk
0:02:20]} 95. Rb7 {[%clk 0:07:30]} Bc3 {[%clk 0:02:44]} 96. Rf7+ {[%clk 0:07:07]}
Kg8 {[%clk 0:02:41]} 97. Rf3 {[%clk 0:07:30]} Bb2 {[%clk 0:02:59]} 98. Rg3+
{[%clk 0:07:54]} Kf8 {[%clk 0:03:06]} 99. Rf3+ {[%clk 0:06:58]} 1/2-1/2

[Event "European Club Cup"]
[Site "chess24.com"]
[Date "2018.10.15"]
[Round "4"]
[White "Varnam, Liam D"]
[Black "Ledger, Stephen C"]
[Result "1-0"]
[Board "6"]
[WhiteElo "2089"]
[WhiteCountry "ENG"]
[WhiteFideId "410950"]
[WhiteEloChange "8"]
[BlackElo "2020"]
[BlackCountry "ENG"]
[BlackFideId "404470"]
[BlackEloChange "-8"]

1. e4 {[%clk 1:30:56]} d5 {[%clk 1:30:28]} 2. exd5 {[%clk 1:31:16]} Qxd5 {[%clk
1:30:37]} 3. Nc3 {[%clk 1:31:36]} Qd6 {[%clk 1:30:13]} 4. d4 {[%clk 1:31:23]} Nf6
{[%clk 1:29:44]} 5. Nf3 {[%clk 1:31:28]} c6 {[%clk 1:28:28]} 6. Bc4 {[%clk
1:29:13]} Bg4 {[%clk 1:20:09]} 7. Be3 {[%clk 1:28:51]} e6 {[%clk 1:18:16]} 8. h3
{[%clk 1:22:18]} Bh5 {[%clk 1:11:57]} 9. Qe2 {[%clk 1:20:57]} Nbd7 {[%clk
1:08:52]} 10. O-O-O {[%clk 1:17:42]} Be7 {[%clk 1:05:25]} 11. g4 {[%clk 1:13:08]}
Bg6 {[%clk 1:04:47]} 12. Rhg1 {[%clk 1:09:18]} Nb6 {[%clk 0:56:30]} 13. h4 {[%clk
0:51:59]} Nxc4 {[%clk 0:47:44]} 14. Qxc4 {[%clk 0:52:16]} Be4 {[%clk 0:43:06]}
15. Nxe4 {[%clk 0:47:57]} Nxe4 {[%clk 0:43:22]} 16. Qd3 {[%clk 0:45:28]} Nf6
{[%clk 0:40:42]} 17. c4 {[%clk 0:38:38]} Nd7 {[%clk 0:35:52]} 18. g5 {[%clk
0:19:10]} a6 {[%clk 0:31:34]} 19. Nd2 {[%clk 0:16:07]} O-O-O {[%clk 0:23:54]} 20.
Qc2 {[%clk 0:10:47]} Kb8 {[%clk 0:18:12]} 21. c5 {[%clk 0:08:32]} Qd5 {[%clk
0:14:38]} 22. Nc4 {[%clk 0:07:30]} Ka7 {[%clk 0:10:43]} 23. Bf4 {[%clk 0:06:26]}
b5 {[%clk 0:07:07]} 24. cxb6+ {[%clk 0:05:47]} Nxb6 {[%clk 0:07:05]} 25. Nxb6
{[%clk 0:02:53]} Kxb6 {[%clk 0:07:29]} 26. Rg3 {[%clk 0:03:05]} Bd6 {[%clk
0:02:54]} 27. Rb3+ {[%clk 0:03:13]} Ka7 {[%clk 0:02:39]} 28. Bxd6 {[%clk
0:02:11]} Rxd6 {[%clk 0:01:53]} 29. Re3 {[%clk 0:00:36]} Rhd8 {[%clk 0:01:22]}
30. b3 {[%clk 0:00:36]} Qb5 {[%clk 0:00:44]} 31. Rc3 {[%clk 0:00:36]} Rxd4 {[%clk
0:00:39]} 32. Rxd4 {[%clk 0:00:54]} Rxd4 {[%clk 0:01:08]} 33. Rxc6 {[%clk
0:01:00]} Rd7 {[%clk 0:00:36]} 34. Rc7+ {[%clk 0:00:36]} Rxc7 {[%clk 0:00:59]}
35. Qxc7+ {[%clk 0:01:03]} Ka8 {[%clk 0:00:32]} 36. Qxf7 {[%clk 0:00:58]} Qc5+
{[%clk 0:00:39]} 37. Kb1 {[%clk 0:01:05]} Qc3 {[%clk 0:00:36]} 38. Qe8+ {[%clk
0:00:43]} Kb7 {[%clk 0:00:42]} 39. Qf7+ {[%clk 0:01:00]} Kb8 {[%clk 0:00:35]} 40.
Qg8+ {[%clk 0:31:14]} Kb7 {[%clk 0:30:38]} 41. Qxh7 {[%clk 0:24:48]} Qe1+ {[%clk
0:29:45]} 42. Kc2 {[%clk 0:24:23]} Qxf2+ {[%clk 0:29:26]} 43. Kd3 {[%clk
0:24:29]} Qf3+ {[%clk 0:27:34]} 44. Kd4 {[%clk 0:23:28]} Qd5+ {[%clk 0:24:16]}
45. Ke3 {[%clk 0:23:09]} Qc5+ {[%clk 0:23:47]} 46. Kf3 {[%clk 0:21:59]} Qc3+
{[%clk 0:17:36]} 47. Kg4 {[%clk 0:20:50]} Qd4+ {[%clk 0:16:24]} 48. Kh5 {[%clk
0:20:19]} Kc6 {[%clk 0:15:43]} 49. Kg6 {[%clk 0:19:41]} e5 {[%clk 0:15:08]} 50.
Qxg7 {[%clk 0:17:59]} Qd3+ {[%clk 0:14:48]} 51. Kh6 {[%clk 0:15:26]} e4 {[%clk
0:13:12]} 52. g6 {[%clk 0:09:21]} Qd2+ {[%clk 0:05:59]} 53. Kh7 {[%clk 0:08:45]}
e3 {[%clk 0:04:12]} 54. Qf6+ {[%clk 0:07:23]} Kc5 {[%clk 0:01:42]} 55. g7 {[%clk
0:05:07]} e2 {[%clk 0:01:21]} 56. g8Q {[%clk 0:04:21]} Qd3+ {[%clk 0:00:44]} 57.
Kh8 {[%clk 0:04:24]} e1Q {[%clk 0:00:43]} 58. Qgf8+ {[%clk 0:04:23]} Kb5 {[%clk
0:00:35]} 59. a4+ {[%clk 0:04:43]} 1-0

[Event "European Club Cup"]
[Site "chess24.com"]
[Date "2018.10.15"]
[Round "4"]
[White "Mossong, Hubert"]
[Black "Longson, Alexander"]
[Result "0-1"]
[Board "2"]
[WhiteElo "2076"]
[WhiteTitle "FM"]
[WhiteCountry "LUX"]
[WhiteFideId "4000030"]
[WhiteEloChange "-4"]
[BlackElo "2329"]
[BlackTitle "FM"]
[BlackCountry "ENG"]
[BlackFideId "408093"]
[BlackEloChange "4"]

1. e4 {[%clk 1:30:57]} c6 {[%clk 1:30:52]} 2. d4 {[%clk 1:31:03]} d5 {[%clk
1:31:14]} 3. e5 {[%clk 1:31:28]} c5 {[%clk 1:31:34]} 4. dxc5 {[%clk 1:23:00]} Nc6
{[%clk 1:31:56]} 5. Bb5 {[%clk 1:19:13]} e6 {[%clk 1:31:53]} 6. Nf3 {[%clk
1:17:55]} Bxc5 {[%clk 1:30:56]} 7. O-O {[%clk 1:18:07]} Ne7 {[%clk 1:29:37]} 8.
Bf4 {[%clk 1:15:30]} O-O {[%clk 1:22:26]} 9. Bd3 {[%clk 1:09:40]} Ng6 {[%clk
1:14:39]} 10. Bg3 {[%clk 1:09:11]} f6 {[%clk 1:13:17]} 11. Bxg6 {[%clk 0:53:42]}
hxg6 {[%clk 1:13:39]} 12. Nc3 {[%clk 0:54:03]} Qd7 {[%clk 1:03:25]} 13. Ne2
{[%clk 0:49:11]} g5 {[%clk 0:57:07]} 14. h3 {[%clk 0:45:39]} Qf7 {[%clk 0:45:26]}
15. Qd2 {[%clk 0:38:12]} Bd7 {[%clk 0:42:36]} 16. Nc1 {[%clk 0:37:20]} Bb6 {[%clk
0:35:26]} 17. Nd3 {[%clk 0:37:10]} Ne7 {[%clk 0:35:08]} 18. exf6 {[%clk 0:21:26]}
gxf6 {[%clk 0:35:30]} 19. Nxg5 {[%clk 0:21:48]} Qg7 {[%clk 0:32:13]} 20. Nf3
{[%clk 0:19:29]} Qxg3 {[%clk 0:30:52]} 21. Qb4 {[%clk 0:19:36]} Qg7 {[%clk
0:30:37]} 0-1